1198 1396 1168 1981 1515 1975 1366 1856 1269 1997 1484 1888 1039 1665 1258 1811 1108 1792 1040 1502 1192 1989 1158 1856 1949 1278 1979 1476 1491 1256 1999 1204 1273 1384 1769 1869 1362 1521 1702 1949 1229 1083 1392 1227 1700 1632 1550 1806 1834 1136 1075 1564 1863 1959 1462 1215 1133 1900 1859 1409 1610 1257 1878 1983 1252 1313 1123 1765 1963 1550 1630 1115 1064 1289 1142 1482 1740 1912 1803 1328 1011 1381 1519 1120 1869 1907 1436 1262 1038 1424 1250 1932 1646 1607 1737 1502 1576 1884 1029 BCNSPRNW ULIB Ver.6.0+V

เปลี่ยนเป็นภาษาไทย

Change to English
 แสดงรายละเอียดบรรณานุกรม
  กลับหน้าหลัก

Brief Record : Get Marc (ISO 2709) : E-mail record : QR code < ปิดหน้าต่าง
LEADER : 00000nam 2200000uu 4500
001    13399123175
003     ULIB
008    020711s2551 th a 000 0 tha d
020    9789744263520
090    นว.^bD111ส
100    Driss-N-Cha
245    เสิร์ฟรักมาทักทาย /^cDriss-N-Cha
250    พิมพ์ครั้งที่ 1
260    กรุงเทพฯ :^blemon green,^c2551
300    320 หน้า
945    ^p219^l0^i20323
999    ^aทศพร เกษรทอง
รายการนี้ยังไม่มีแท็ก
คุณยังไม่ได้ล็อกอิน คุณสามารถมีกิจกรรมร่วมกับเว็บไซต์ได้ แต่ต้องล็อกอินก่อน ::
  ล็อกอิน

รายการสื่อสารสนเทศ

ลำดับที่ ประเภท เลขเรียก/บาร์โค้ด สถานที่ สถานะ
1. นวนิยาย
นวนิยาย
นว. D111ส ฉ.1 
  Barcode: 20323
ห้องสมุดวิทยาเขตนครสวรรค์
►นวนิยาย:l:Fiction
บนชั้น

BibComment


ยังไม่เคยถูกคอมเมนท์

คอมเมนท์ทรัพยากรรายการนี้
  คอมเมนท์: เสิร์ฟรักมาทักทาย..


 Copyright 2026. Bcnsprnw @Library